000
00310nam a22001337a 4500
008
170525b xxu||||| |||| 00| 0 eng d
020
_a
978027599971
041
_a
eng
080
_a
62
100
_a
26
101
_a
IM
245
_a
ENERGY SECURITY CHALLENGES FOR THE 21ST CENTURY
_c
LUFT,G
942
_2
udc
_c
BK
999
_c
14221
_d
14221